[Event "FRA-ch blind 30th"]
[Site "Arras"]
[Date "2014.05.31"]
[Round "5"]
[White "Schmeisser, Alex"]
[Black "Dhenain, Sebastien"]
[Result "1-0"]
[WhiteElo "1390"]
[BlackElo "1300"]
[PlyCount "41"]
[EventDate "2014.05.30"]
[EventType "swiss"]
[EventRounds "7"]
[EventCountry "FRA"]
[SourceTitle "EXT 2015"]
[Source "ChessBase"]
[SourceDate "2014.11.20"]
[SourceVersion "1"]
[SourceVersionDate "2014.11.20"]
[SourceQuality "1"]

1. e4 e5 2. Nf3 Nc6 3. Bb5 Nf6 4. Bxc6 dxc6 5. Nc3 Bd6 6. d4 exd4 7. Nxd4 Bb4 8. Bg5 Bxc3+ 9. bxc3 c5 10. e5 Qe7 11. Qe2 cxd4 12. exf6 Qxe2+ 13. Kxe2 dxc3 14. fxg7 Rg8 15. Bf6 Be6 16. Rhd1 Bc4+ 17. Ke1 Be6 18. Rd3 Bd7 19. Rad1 Be6 20. Rd8+ Rxd8 21. Rxd8# 1-0

[Event "FRA-ch blind 30th"]
[Site "Arras"]
[Date "2014.05.30"]
[Round "2"]
[White "Porcabeuf, Jean Marc"]
[Black "Schmeisser, Alex"]
[Result "0-1"]
[WhiteElo "1190"]
[BlackElo "1390"]
[PlyCount "43"]
[EventDate "2014.05.30"]
[EventType "swiss"]
[EventRounds "7"]
[EventCountry "FRA"]
[SourceTitle "EXT 2015"]
[Source "ChessBase"]
[SourceDate "2014.11.20"]
[SourceVersion "1"]
[SourceVersionDate "2014.11.20"]
[SourceQuality "1"]

1. d4 d5 2. c4 c6 3. Nc3 Nf6 4. Bf4 Nbd7 5. Nf3 e6 6. a3 Be7 7. e3 0-0 8. cxd5 exd5 9. Bd3 h6 10. 0-0 c5 11. dxc5 Nxc5 12. Bc2 Be6 13. b4 Nce4 14. Nxe4 dxe4 15. Nd4 Bc4 16. Re1 Qd7 17. Be5 Ng4 18. Bxe4 Nxe5 19. Qc2 Rac8 20. Bh7+ Kh8 21. Qe4 Bd3 22. Bf5 0-1

[Event "Alberta op"]
[Site "Calgary"]
[Date "2002.10.15"]
[Round "3"]
[White "Schmeisser, Alex"]
[Black "McKay, Tom"]
[Result "0-1"]
[WhiteElo "1194"]
[BlackElo "1482"]
[PlyCount "82"]
[EventDate "2002.10.15"]
[EventType "swiss"]
[EventRounds "6"]
[EventCountry "CAN"]
[SourceTitle "EXT 2007"]
[Source "ChessBase"]
[SourceDate "2006.11.23"]
[SourceVersion "1"]
[SourceVersionDate "2006.11.23"]
[SourceQuality "1"]

1. e4 c5 2. Bc4 e6 3. Nf3 d6 4. Nc3 Nf6 5. d3 Nc6 6. Be3 a6 7. d4 b5 8. Be2 cxd4 9. Nxd4 Bb7 10. Nxc6 Bxc6 11. Bf3 e5 12. Qd3 Be7 13. 0-0-0 0-0 14. h3 b4 15. Ne2 a5 16. a3 bxa3 17. bxa3 Qb8 18. Kd2 Rc8 19. Rb1 Qc7 20. Rb2 Rcb8 21. Rhb1 Rxb2 22. Rxb2 Rb8 23. Qc3 Rxb2 24. Qxb2 Bxe4 25. Nc3 Bxf3 26. gxf3 h6 27. Qb5 Bd8 28. Bb6 Qxb6 29. Qd3 Qxf2+ 30. Ne2 Qc5 31. a4 Nd5 32. c4 Bg5+ 33. Ke1 Nf4 34. Nxf4 Bxf4 35. Kf1 Bg3 36. Qe2 Qb4 37. Qc2 g5 38. Kg2 Bf4 39. Kf1 Qc5 40. Kg2 d5 41. Qd1 Qxc4 0-1